000 00436nam a22001817a 4500
003 MPLRDC
005 20220104143719.0
008 210129b ||||| |||| 00| 0 eng d
020 _a0-88139-285-5
082 _a225.4 XHSR-2 v.4
100 _a
245 _a宣化上人开示录(四)
_c
250 _a初版
260 _a
_b法界佛教总会等
_c1984
300 _b
650 _a佛教说法
942 _cBK
_o225.4 XHSR-2 v.4
999 _c42615
_d42605